LIBRARY ONLINE CATALOGUE

Statistics / (Record no. 10881)

MARC details
000 -LEADER
fixed length control field 00629nam a22002172 4500
001 - CONTROL NUMBER
control field 0000006169
005 - DATE AND TIME OF LATEST TRANSACTION
control field 20151217154358.0
008 - FIXED-LENGTH DATA ELEMENTS--GENERAL INFORMATION
fixed length control field 070921s xx 000 0 eng d
020 ## - INTERNATIONAL STANDARD BOOK NUMBER
International Standard Book Number 0130225746 :
040 ## - CATALOGING SOURCE
Original cataloging agency KABU
Transcribing agency KABU
100 1# - MAIN ENTRY--PERSONAL NAME
Personal name McClave, James T.
-- 0000157563
245 10 - TITLE STATEMENT
Title Statistics /
Statement of responsibility, etc. James McClave, Terry Sincich.
250 ## - EDITION STATEMENT
Edition statement 8th ed.
260 ## - PUBLICATION, DISTRIBUTION, ETC. (IMPRINT)
Place of publication, distribution, etc. Upper Saddle, River, NJ :
Name of publisher, distributor, etc. Prentice Hall,
Date of publication, distribution, etc. 2000.
300 ## - PHYSICAL DESCRIPTION
Extent xxiii, 848 p.
650 #0 - SUBJECT ADDED ENTRY--TOPICAL TERM
Topical term or geographic name as entry element Statistics.
-- 0000149871
700 1# - ADDED ENTRY--PERSONAL NAME
Personal name Sincich, Terry.
-- 0000157564
908 ## - PUT COMMAND PARAMETER (RLIN)
Put command parameter 070921
950 ## - LOCAL HOLDINGS (RLIN)
-- 1
Holdings
Withdrawn status Lost status Source of classification or shelving scheme Not for loan Home library Current library Date acquired Total Checkouts Total Renewals Full call number Barcode Date last seen Date last checked out Copy number Price effective from Koha item type
    Library of Congress Classification   Kabarak, Main Campus Kabarak, Main Campus 17/12/2015 10 1 QA276 .M33 2000 c. 1 009854 03/04/2024 14/03/2024 c. 1 17/12/2015 General Collection